Economic review (Record no. 38166)

MARC details
000 -LEADER
fixed length control field 00570nam a2200169Ia 4500
022 ## - INTERNATIONAL STANDARD SERIAL NUMBER
ISSN 01612387
050 ## - CALL MARK
Classification number HC 107 .A17 A2/
245 #0 - TITLE STATEMENT
Title Economic review
260 ## - PUBLICATION, DISTRIBUTION, ETC. (IMPRINT)
Place of publication Kansas City, Mo.
260 ## - PUBLICATION, DISTRIBUTION, ETC. (IMPRINT)
Name of publisher Federal Reserve Bank of Kansas City
260 ## - PUBLICATION, DISTRIBUTION, ETC. (IMPRINT)
Year of publication 1992
300 ## - PHYSICAL DESCRIPTION
Number of Pages 164 p. : ill. ; 24 cm.
650 ## - SUBJECT ADDED ENTRY--TOPICAL TERM
Topical Term West (U.S.)--Economic conditions--Periodicals. United States--Economic conditions--1918-1945--Periodicals. United States--Economic conditions--1945---Periodicals.
942 ## - ADDED ENTRY ELEMENTS (KOHA)
Koha item type Serials

No items available.